It's Not a Month Quiz Stats

 Plays Quiz not verified by Sporcle

Challenge
Share
Tweet
Embed
Score 0/20 Timer 04:00
0 Plays Today
Hint Word % Correct
Person who maintains a buildingJanitor
97.4%
To take as a spouseMarry
91.3%
Old or discarded materialJunk
90.3%
Wet land with grassy vegetationMarsh
88.8%
Garment often worn in the kitchenApron
88.8%
Eight-sided polygonOctagon
88.8%
Author or story writerNovelist
87.2%
No longer togetherSeparated
85.2%
The Wife of JupiterJuno
84.7%
Carnivorous marine animalOctopus
80.1%
Hint Word % Correct
Made a noise with some keysJangled
77.6%
Stoppered glass containerDecanter
60.7%
County of Xingtai City, ChinaJulu
53.1%
Coming after in timeAprès
45.4%
Chamber that is used as a graveSepulchre
41.3%
______ Stables (Labors of Hercules)Augean
34%
Historically important Russian city Novgorod
24%
Broken down by hard useDecrepit
23%
Sign of what will happenAugury
20.9%
Producing feverFebrific
5.1%

You're not logged in!

Compare scores with friends on all Sporcle quizzes.
Join for Free
OR
Log In

You Might Also Like...

Show Comments

Extras

Top Quizzes Today


Score Distribution

Your Account Isn't Verified!

In order to create a playlist on Sporcle, you need to verify the email address you used during registration. Go to your Sporcle Settings to finish the process.

Report this User

Report this user for behavior that violates our Community Guidelines.

Details: